| 000 | 00424nam a22001697a 4500 | ||
|---|---|---|---|
| 003 | SGT | ||
| 020 | _a9789388022767 | ||
| 082 |
_a616.01 _bR23B |
||
| 100 | _aBAREJA, RAJESH | ||
| 245 | _aRB'S PRACTICAL MEDICAL MICROBIOLOGY FOR BMLT | ||
| 250 | _a1ST | ||
| 260 |
_aINDIA _bINNOVATIVE PUB _c2023 |
||
| 300 | _a138 | ||
| 650 | _aMICROBIOLOGY | ||
| 653 | _aRB'S PRACTICAL MEDICAL MICROBIOLOGY FOR BMLT | ||
| 942 |
_2ddc _cBK |
||
| 999 |
_c33393 _d33393 |
||